000
00275nam a22001337a 4500
003
SGT
082
_a
370
_b
E16N
100
_a
NAYAK, A.K.
245
_a
EDUCATIONAL PSYCHOLOGY
260
_a
NEW DELHI
_b
APH PUB
_c
2016
300
_a
377
650
_a
EDUCATION
942
_2
ddc
_c
BK
999
_c
12606
_d
12606